Você realmente me conhece? (Morte Súbita) - Statistics

Estatísticas Gerais
  • Esse quiz foi jogado 50 vezes
    48 desde o último reset
  • A pontuação média é 3 de 27
Answers on the Grid
Answers color-coded by a green-red scale on the quiz's grid according to % correct below.
Pique de fora
Capricórnio
Belize
Ja Morant
Sagitário
Poesia Acústica
Roblox
Canoas
Memphis Grizzlies
Esfera
Belo Horizonte
Santos
CTA
Funko Pop
Interlagos
Polo G
Anthony Edwards
Uyuni
CPF
Alemanha
Libélula
Leosel 7882
Gabigol
Corinthians
77
Escorpião
CMPA
MC Kevin
Anglo
Xamã
Radiante
Champagnat
Grêmio
21
NyXos
Mel Bayde
Boston Celtics
Golden Retriver
Nina Miano
The Weeknd
Panic! At the Disco
Olivia Rodrigo
AC/DC
The Beatles
Benito
 
Estatísticas das Respostas
Resposta % Correto
Pique de fora
33%
Poesia Acústica
33%
Ja Morant
19%
Panic! At the Disco
19%
Xamã
19%
Belize
15%
Canoas
15%
CPF
15%
Memphis Grizzlies
15%
Polo G
15%
Olivia Rodrigo
11%
Radiante
11%
21
7%
Benito
7%
Champagnat
7%
CTA
7%
Esfera
7%
Funko Pop
7%
Leosel 7882
7%
NyXos
7%
CMPA
4%
Escorpião
4%
Interlagos
4%
Libélula
4%
Mel Bayde
4%
Nina Miano
4%
Uyuni
4%
Nenhum quiz correspondente encontrado
Distribuição das Pontuações
Porcentagem de Pessoas com Cada Pontuação
Percentil de Números Respondidos
Sua Pontuação Histórica
Você não jogou esse quiz desde o último reset